[Event "Hastings Masters"]
[Site "Hastings"]
[Date "2008.01.02"]
[Round "6.1"]
[White "Hebden, Mark"]
[Black "Malakhatko, Vadim"]
[Result "1/2-1/2"]
[WhiteElo "2542"]
[BlackElo "2596"]
[PlyCount "91"]
[EventDate "2007.12.28"]
[SourceDate "2007.12.28"]

1. d4 d5 2. Nf3 Nf6 3. c4 c6 4. e3 a6 5. Bd2 e6 6. Nc3 dxc4 7. Bxc4 b5 8. Be2
c5 9. dxc5 Bxc5 10. a4 b4 11. Na2 a5 12. Nc1 O-O 13. Ne5 Bb7 14. Bf3 Bxf3 15.
Qxf3 Nbd7 16. Ned3 Bd6 17. e4 Qb8 18. Bg5 Rc8 19. Bxf6 Nxf6 20. Ne2 b3 21. O-O
Bxh2+ 22. Kh1 Be5 23. Rac1 Rc2 24. Rxc2 bxc2 25. Rc1 Bxb2 26. Rxc2 Ba3 27. e5
Nd5 28. Rc4 Qb1+ 29. Kh2 Rd8 30. Nd4 Qb6 31. Nb5 Bf8 32. Nf4 Qb8 33. Nxd5 Rxd5
34. Rc7 f6 35. Qh5 Rxe5 36. Qf7+ Kh8 37. g3 Rd5 38. Na7 Rh5+ 39. Kg2 Qd8 40.
Rd7 Qa8+ 41. f3 Rc5 42. Nb5 Rc2+ 43. Kh3 Rc8 44. Kg2 Qc6 45. Rc7 Qd5 46. Rxc8
1/2-1/2

[Event "Hastings Masters"]
[Site "Hastings"]
[Date "2008.01.02"]
[Round "6.2"]
[White "Chatalbashev, Boris"]
[Black "Conquest, Stuart"]
[Result "1/2-1/2"]
[WhiteElo "2581"]
[BlackElo "2540"]
[PlyCount "87"]
[EventDate "2007.12.28"]
[SourceDate "2007.12.28"]

1. d4 Nf6 2. c4 e6 3. Nf3 Bb4+ 4. Nbd2 d5 5. e3 O-O 6. Be2 b6 7. O-O Bb7 8. a3
Be7 9. b4 c5 10. bxc5 bxc5 11. Rb1 Qc8 12. cxd5 Bxd5 13. Bd3 Nbd7 14. e4 Bb7
15. e5 Nd5 16. Ne4 Ba6 17. Bg5 Bxd3 18. Qxd3 c4 19. Qc2 f6 20. exf6 gxf6 21.
Bh6 Rf7 22. Rfe1 Qc6 23. Rbc1 N5b6 24. a4 a5 25. Nc3 Bf8 26. d5 exd5 27. Nd4
Qc8 28. Bxf8 Qxf8 29. Ne6 Qh6 30. Nc7 Rd8 31. N7xd5 Nxd5 32. Nxd5 Ne5 33. Rcd1
Kh8 34. Ne3 Rg8 35. Qe4 Nd3 36. Rf1 Nf4 37. g3 c3 38. Nf5 Qg5 39. Kh1 Nh3 40.
Ne3 Qc5 41. Kg2 Ng5 42. Qd5 Qc8 43. h4 Ne6 44. Qf3 1/2-1/2

[Event "Hastings Masters"]
[Site "Hastings"]
[Date "2008.01.02"]
[Round "6.3"]
[White "Neverov, Valeriy"]
[Black "Pert, Nicholas"]
[Result "1/2-1/2"]
[WhiteElo "2558"]
[BlackElo "2539"]
[PlyCount "80"]
[EventDate "2007.12.28"]
[SourceDate "2007.12.28"]

1. c4 Nf6 2. Nf3 c6 3. g3 d5 4. b3 Bg4 5. Bg2 Nbd7 6. Bb2 e6 7. O-O Bd6 8. d4
Qb8 9. Nbd2 O-O 10. Re1 a5 11. e4 dxe4 12. Nxe4 Nxe4 13. Rxe4 Nf6 14. Re3 Qd8
15. h3 Bxf3 16. Bxf3 Be7 17. Qc2 a4 18. bxa4 Qa5 19. Bd1 Nd7 20. Rb1 Nb6 21.
Ba1 Bf6 22. Reb3 Nxa4 23. c5 e5 24. Rb4 exd4 25. Qxa4 Qxc5 26. Qb3 b5 27. a4
bxa4 28. Rxa4 Rxa4 29. Qxa4 Qf5 30. Rb7 c5 31. Bb3 Qe4 32. Qb5 g6 33. Ba2 Kg7
34. Bb2 h5 35. Bc4 h4 36. g4 Bg5 37. Qd7 Qe1+ 38. Kg2 Qe4+ 39. Kg1 Qe1+ 40. Kg2
Qe4+ 1/2-1/2

[Event "Hastings Masters"]
[Site "Hastings"]
[Date "2008.01.02"]
[Round "6.6"]
[White "Bogner, Sebastian"]
[Black "Mamedov, Nidjat"]
[Result "0-1"]
[WhiteElo "2383"]
[BlackElo "2565"]
[PlyCount "98"]
[EventDate "2007.12.28"]
[SourceDate "2007.12.28"]

1. Nf3 Nf6 2. c4 g6 3. Nc3 Bg7 4. e4 O-O 5. d4 d6 6. Be2 e5 7. Be3 c6 8. O-O
Na6 9. d5 Ng4 10. Bg5 f6 11. Bh4 h5 12. h3 Nh6 13. c5 Nxc5 14. b4 Nd7 15. dxc6
Nb6 16. b5 bxc6 17. bxc6 Be6 18. a4 Rc8 19. a5 Na8 20. Qa4 Nc7 21. Rfd1 Qe7 22.
Rab1 g5 23. Bg3 f5 24. exf5 Nxf5 25. Bc4 g4 26. Bxe6+ Qxe6 27. Ng5 Qh6 28. h4
d5 29. Rb7 Ne7 30. Rxa7 Qxc6 31. Qxc6 Nxc6 32. Rxc7 Rxc7 33. Ne6 Ra7 34. Nxf8
d4 35. Ne6 dxc3 36. Nxg7 Nd4 37. Bxe5 c2 38. Re1 Re7 39. Nxh5 Rxe5 40. Rxe5
c1=Q+ 41. Kh2 Qc7 42. Nf6+ Kf7 43. Nxg4 Nc6 44. f4 Nxe5 45. Nxe5+ Ke6 46. a6
Qc1 47. g3 Qa1 48. Ng4 Qxa6 49. Kg2 Kf5 0-1

[Event "Hastings Masters"]
[Site "Hastings"]
[Date "2008.01.02"]
[Round "6.7"]
[White "Tahirov, Farhad"]
[Black "Radovanovic, Jovica"]
[Result "1/2-1/2"]
[WhiteElo "2540"]
[BlackElo "2355"]
[PlyCount "42"]
[EventDate "2007.12.28"]
[SourceDate "2007.12.28"]

1. d4 Nf6 2. c4 e6 3. Nc3 Bb4 4. Qc2 c5 5. dxc5 O-O 6. Nf3 Na6 7. a3 Bxc3+ 8.
Qxc3 Nxc5 9. b4 Nce4 10. Qd4 d6 11. Ng5 e5 12. Qb2 a5 13. Nxe4 Nxe4 14. e3 axb4
15. axb4 Rxa1 16. Qxa1 Qh4 17. Qa2 b5 18. Bd3 bxc4 19. Bxc4 Bb7 20. O-O Nc3 21.
Qb3 Bxg2 1/2-1/2

[Event "Hastings Masters"]
[Site "Hastings"]
[Date "2008.01.02"]
[Round "6.9"]
[White "Roy Chowdhury, Saptarshi"]
[Black "Bindrich, Falko"]
[Result "1/2-1/2"]
[WhiteElo "2418"]
[BlackElo "2512"]
[PlyCount "31"]
[EventDate "2007.12.28"]
[SourceDate "2007.12.28"]

1. e4 e5 2. Nf3 Nc6 3. Bc4 Bc5 4. c3 Nf6 5. d4 exd4 6. cxd4 Bb4+ 7. Bd2 Bxd2+
8. Nbxd2 d5 9. exd5 Nxd5 10. Qb3 Nce7 11. O-O O-O 12. Rfe1 c6 13. Ne4 Qb6 14.
Qa3 Bg4 15. Ne5 Qxd4 16. Bxd5 1/2-1/2

[Event "Hastings Masters"]
[Site "Hastings"]
[Date "2008.01.02"]
[Round "6.10"]
[White "Lalic, Bogdan"]
[Black "Collins, Sam"]
[Result "1-0"]
[WhiteElo "2500"]
[BlackElo "2401"]
[PlyCount "63"]
[EventDate "2007.12.28"]
[SourceDate "2007.12.28"]

1. d4 d5 2. c4 c6 3. Nf3 Nf6 4. Nc3 e6 5. Bg5 h6 6. Bxf6 Qxf6 7. Qb3 a5 8. e4
dxe4 9. Nxe4 Bb4+ 10. Kd1 Qf4 11. Bd3 f5 12. Ng3 c5 13. a3 a4 14. Qc2 Ba5 15.
d5 O-O 16. Qe2 Qd6 17. Kc2 b5 18. dxe6 Bxe6 {(=)} 19. Rad1 Nc6 20. Be4 Nd4+ 21.
Nxd4 cxd4 22. Bxa8 Bxc4 23. Qf3 Ba2 24. Qc6 Qf4 25. Rhf1 {(=)} Rf7 26. Qxb5
Rc7+ 27. Bc6 Qd6 28. Nxf5 Rxc6+ 29. Kd3 Qg6 30. Qxa5 Bc4+ 31. Kxd4 Bxf1 32.
Ne7+ 1-0

[Event "Hastings Masters"]
[Site "Hastings"]
[Date "2008.01.02"]
[Round "6.11"]
[White "Gormally, Daniel"]
[Black "Marusenko, Petr"]
[Result "1/2-1/2"]
[WhiteElo "2484"]
[BlackElo "2304"]
[PlyCount "31"]
[EventDate "2007.12.28"]
[SourceDate "2007.12.28"]

1. d4 Nf6 2. c4 e6 3. Nf3 d5 4. Nc3 Bb4 5. e3 O-O 6. Bd3 c5 7. O-O Nc6 8. a3
Bxc3 9. bxc3 dxc4 10. Bxc4 Qc7 11. a4 b6 12. Qe2 e5 13. dxc5 e4 14. Nd2 bxc5
15. Ba3 Ne5 16. Ba2 1/2-1/2

[Event "Hastings Masters"]
[Site "Hastings"]
[Date "2008.01.02"]
[Round "6.12"]
[White "Afek, Yochanan"]
[Black "Williams, Simon Kim"]
[Result "0-1"]
[WhiteElo "2349"]
[BlackElo "2475"]
[PlyCount "46"]
[EventDate "2007.12.28"]
[SourceDate "2007.12.28"]

1. e4 e6 2. d4 d5 3. e5 c5 4. c3 Nc6 5. Nf3 Bd7 6. Be2 f6 7. O-O fxe5 8. dxe5
Qc7 9. Re1 O-O-O 10. Bd3 Nh6 11. Bf4 Be7 12. a3 c4 13. Bc2 Rdf8 14. Bg3 Qb6 15.
Ra2 g5 16. b4 cxb3 17. Bxb3 Nf5 18. Bc2 Nxg3 19. hxg3 g4 20. Nd4 Bc5 21. a4
Nxd4 22. a5 Nf3+ 23. gxf3 Bxf2+ 0-1

[Event "Hastings Masters"]
[Site "Hastings"]
[Date "2008.01.02"]
[Round "6.13"]
[White "Haslinger, Stewart"]
[Black "Briscoe, Christopher"]
[Result "1-0"]
[WhiteElo "2502"]
[BlackElo "2273"]
[PlyCount "81"]
[EventDate "2007.12.28"]
[SourceDate "2007.12.28"]

1. e4 c5 2. Nf3 d6 3. d4 cxd4 4. Nxd4 Nf6 5. Nc3 a6 6. Be3 e5 7. Nb3 Be6 8. f3
Be7 9. Qd2 Nbd7 10. g4 b5 11. a4 b4 12. Nd5 Bxd5 13. exd5 O-O 14. g5 Nh5 15.
Rg1 Qc7 16. O-O-O Rfd8 17. Qxb4 Rdb8 18. Qc4 Qxc4 19. Bxc4 Rb4 20. Bd3 Rxa4 21.
Bf5 Nf8 22. c3 Ng6 23. Be4 Ngf4 24. Kc2 Bd8 25. Nd2 Be7 26. b4 a5 27. b5 Ne2
28. Rge1 Nd4+ 29. Bxd4 exd4 30. Kb3 dxc3 31. Kxa4 cxd2 32. Rxd2 Bxg5 33. Rc2
Nf6 34. b6 g6 35. b7 Rf8 36. Rc7 Kg7 37. Kb5 h5 38. Kc6 Rb8 39. Rc8 Nd7 40. Rb1
Ne5+ 41. Kc7 1-0

[Event "Hastings Masters"]
[Site "Hastings"]
[Date "2008.01.02"]
[Round "6.14"]
[White "Prosviriakov, Vladimir"]
[Black "Flear, Glenn C"]
[Result "0-1"]
[WhiteElo "2319"]
[BlackElo "2493"]
[PlyCount "118"]
[EventDate "2007.12.28"]
[SourceDate "2007.12.28"]

1. c4 e6 2. d4 b6 3. d5 Bb7 4. a3 f5 5. Nc3 Nf6 6. dxe6 dxe6 7. Qxd8+ Kxd8 8.
Bf4 Bd6 9. Rd1 Ke7 10. Bxd6+ cxd6 11. Nb5 Ne8 12. Nf3 Nd7 13. e3 a6 14. Nbd4 g6
15. Be2 Nef6 16. O-O Rhc8 17. Nd2 Rc7 18. Bf3 Bxf3 19. gxf3 Rac8 20. b3 e5 21.
Ne2 Nc5 22. Nc3 b5 23. f4 exf4 24. exf4 Nd3 25. Nf3 bxc4 26. bxc4 Rxc4 27. Rxd3
Rxc3 28. Re1+ Kf8 29. Rxc3 Rxc3 30. Ng5 Nd5 31. Nxh7+ Kg7 32. Ng5 Nxf4 33. Ne6+
Nxe6 34. Rxe6 Rd3 35. Re7+ Kf6 36. Rd7 g5 37. a4 Rd4 38. a5 Rd5 39. h3 Ke6 40.
Rg7 f4 41. Rg6+ Kd7 42. h4 gxh4 43. Rg4 Rxa5 44. Rxf4 Rh5 45. Kh2 a5 46. Rf8
Kc6 47. f4 a4 48. Ra8 Kb5 49. Kh3 Kb4 50. Kg4 Rh7 51. f5 h3 52. Rb8+ Kc3 53.
Rb1 h2 54. Rc1+ Kb2 55. Rh1 a3 56. f6 a2 57. f7 Rg7+ 58. Kh5 Rxf7 59. Rxh2+ Ka3
0-1

[Event "Hastings Masters"]
[Site "Hastings"]
[Date "2008.01.02"]
[Round "6.15"]
[White "Sengupta, Deep"]
[Black "Ledger, David"]
[Result "1/2-1/2"]
[WhiteElo "2447"]
[BlackElo "2266"]
[PlyCount "124"]
[EventDate "2007.12.28"]
[SourceDate "2007.12.28"]

1. d4 Nf6 2. Nc3 d5 3. Bg5 c5 4. Bxf6 gxf6 5. e3 cxd4 6. Qxd4 e6 7. Nf3 Bd7 8.
e4 Nc6 9. Qd2 dxe4 10. Nxe4 f5 11. Nd6+ Bxd6 12. Qxd6 Qe7 13. Qd2 Rg8 14. g3
O-O-O 15. Bg2 Be8 16. Qc3 Qb4 17. Qxb4 Nxb4 18. O-O Bc6 19. a3 Na6 20. b4 Nc7
21. c4 f6 22. b5 Be4 23. a4 Rd3 24. Nh4 Rc3 25. Rfc1 Rxc1+ 26. Rxc1 Rd8 27. c5
Rd4 28. b6 Nd5 29. Bf1 a6 30. Bc4 Kd7 31. c6+ bxc6 32. b7 Kc7 33. f3 Bd3 34.
Bxd3 Rxd3 35. Rxc6+ Kxb7 36. Rxe6 f4 37. gxf4 Rd4 38. Rd6 Nxf4 39. Rxf6 Ne2+
40. Kf2 Rxh4 41. Kxe2 Rxh2+ 42. Ke3 Ra2 43. Rf4 Ra3+ 44. Ke2 Kc7 45. Rh4 h5 46.
Kf2 Kd6 47. Kg3 Ke6 48. Re4+ Kf6 49. Rc4 a5 50. Kf4 h4 51. Kg4 h3 52. Rf4+ Ke5
53. Rf5+ Ke6 54. Rh5 Rxa4+ 55. Kg5 Rb4 56. Rxh3 Rb5+ 57. Kg4 Rb4+ 58. f4 Rb5
59. Rh7 Kf6 {(=)} 60. Ra7 Rc5 61. Ra6+ Kf7 62. f5 Rc1 1/2-1/2

[Event "Hastings Masters"]
[Site "Hastings"]
[Date "2008.01.02"]
[Round "6.16"]
[White "Satyapragyan, Swayangsu"]
[Black "Hasan, Mehdi"]
[Result "1-0"]
[WhiteElo "2404"]
[BlackElo "2287"]
[PlyCount "83"]
[EventDate "2007.12.28"]
[SourceDate "2007.12.28"]

1. e4 e5 2. Nf3 Nc6 3. Bb5 a6 4. Ba4 Nf6 5. d3 b5 6. Bb3 Bc5 7. Nc3 h6 8. a4
Rb8 9. axb5 axb5 10. Be3 Bxe3 11. fxe3 d6 12. O-O O-O 13. Qe1 b4 14. Nd5 Nxd5
15. exd5 Ne7 16. Ra7 Bb7 17. e4 c5 18. dxc6 Qb6+ 19. Qf2 Qxf2+ 20. Rxf2 Nxc6
21. Ra1 Ra8 22. Rff1 Na5 23. Ba4 Rfd8 24. c3 bxc3 25. bxc3 Rdc8 26. c4 Rc7 27.
Rfb1 Bc8 28. Bb5 Kf8 29. Ra4 Rca7 30. Rba1 Bb7 31. c5 Ke7 32. cxd6+ Kxd6 33. d4
exd4 34. Rxd4+ Kc5 35. Bf1 Nb3 36. Rc4+ Kd6 37. Rd1+ Ke6 38. Rc3 Na5 39. Nd4+
Kf6 40. Nb5 Bxe4 41. Nxa7 Rxa7 42. Ra1 1-0

[Event "Hastings Masters"]
[Site "Hastings"]
[Date "2008.01.02"]
[Round "6.18"]
[White "Eames, Robert"]
[Black "Islam, Kh Aminul"]
[Result "1-0"]
[WhiteElo "2304"]
[BlackElo "2390"]
[PlyCount "48"]
[EventDate "2007.12.28"]
[SourceDate "2007.12.28"]

1. d4 c5 2. d5 Nf6 3. c4 e6 4. Nc3 exd5 5. cxd5 Bd6 6. g3 Bc7 7. d6 Ba5 8. Bg2
O-O 9. Nh3 Bxc3+ 10. bxc3 Nc6 11. O-O b6 12. e4 Bb7 13. e5 Ne8 14. Nf4 Rb8 15.
Re1 Kh8 16. Qh5 Na5 17. Nd5 f6 18. Be4 f5 19. Bg2 Bxd5 20. Bxd5 Nf6 21. exf6
Qxf6 22. Bg5 Qxd6 23. Rad1 Qg6 24. Qxg6 hxg6 1-0

[Event "Hastings Masters"]
[Site "Hastings"]
[Date "2008.01.02"]
[Round "6.19"]
[White "Gurbanzade, Erkin"]
[Black "Bates, Richard"]
[Result "1/2-1/2"]
[WhiteElo "2179"]
[BlackElo "2378"]
[PlyCount "68"]
[EventDate "2007.12.28"]
[SourceDate "2007.12.28"]

1. e4 c5 2. Nf3 d6 3. d4 cxd4 4. Nxd4 Nf6 5. Nc3 a6 6. Bg5 Nc6 7. f4 Qb6 8. Nb3
Qe3+ 9. Qe2 Qxe2+ 10. Bxe2 e6 11. Bxf6 gxf6 12. Na4 h5 13. Nb6 Rb8 14. h4 Kd8
15. a4 Kc7 16. a5 Nxa5 17. Rxa5 Kxb6 18. Rxh5 Bh6 19. g4 Bd7 20. g5 Bg7 21. Nd2
Kc7 22. c3 {(=)} Bc6 23. Rh3 Kd7 24. Kf2 Ke7 25. Ke3 Rxh5 26. Bxh5 Rh8 27. Bg4
fxg5 28. hxg5 Rxh3+ 29. Bxh3 f6 30. gxf6+ Bxf6 31. Nb3 e5 32. Na5 exf4+ {(=)}
33. Kxf4 Be5+ 34. Ke3 Kd8 1/2-1/2

[Event "Hastings Masters"]
[Site "Hastings"]
[Date "2008.01.02"]
[Round "6.21"]
[White "Foord, Dominic"]
[Black "Knott, Simon JB"]
[Result "1/2-1/2"]
[WhiteElo "2004"]
[BlackElo "2366"]
[PlyCount "97"]
[EventDate "2007.12.28"]
[SourceDate "2007.12.28"]

1. d4 Nf6 2. c4 g6 3. f3 d5 4. cxd5 Nxd5 5. e4 Nb6 6. Nc3 Bg7 7. Be3 O-O 8. f4
Nc6 9. d5 Na5 10. Bd4 e5 11. Bxe5 Bxe5 12. fxe5 Qh4+ 13. g3 Qe7 14. Qd4 c5 15.
d6 cxd4 16. dxe7 Re8 17. Nd5 Nxd5 18. exd5 Bf5 19. Kf2 Rxe7 20. Nf3 Be4 21. b4
Rc8 22. Be2 Bxf3 23. Kxf3 Rc3+ 24. Ke4 Re3+ 25. Kxd4 Rxe2 26. bxa5 R7xe5 27.
Rhd1 Kf8 28. Rab1 Ke7 29. Rxb7+ Kd6 30. Kc4 Rxa2 31. Rxa7 Re4+ 32. Kb5 Rxh2 33.
Rxf7 Re5 34. Kb6 Rxd5 35. Rxd5+ Kxd5 36. a6 Rb2+ 37. Ka7 Rb3 38. Rxh7 Rxg3 39.
Kb8 Ra3 40. a7 Ke4 41. Rh4+ Kf5 42. a8=Q Rxa8+ 43. Kxa8 g5 44. Rh8 g4 45. Kb7
g3 46. Kc6 Ke4 47. Rg8 Kf3 48. Kd5 g2 49. Rxg2 1/2-1/2

[Event "Hastings Masters"]
[Site "Hastings"]
[Date "2008.01.02"]
[Round "6.22"]
[White "Abu Sufian, Sakil"]
[Black "Goodger, Martyn"]
[Result "1-0"]
[WhiteElo "2361"]
[BlackElo "2067"]
[PlyCount "85"]
[EventDate "2007.12.28"]
[SourceDate "2007.12.28"]

1. e4 d5 2. exd5 Qxd5 3. Nc3 Qa5 4. d4 Nf6 5. Bc4 Bg4 6. Nf3 Nc6 7. Be3 O-O-O
8. h3 Bxf3 9. Qxf3 e6 10. O-O-O Qb4 11. Qe2 Ne7 12. Bg5 Nfd5 13. Nxd5 exd5 14.
Bb3 Qd6 15. Rhe1 f6 16. Qg4+ Qd7 17. Qxd7+ Kxd7 18. Bf4 Ng6 19. Bg3 c6 20. c3
Bd6 21. Bxd6 Kxd6 {(=)} 22. g3 Rde8 23. Bc2 Rxe1 24. Rxe1 Ne7 25. Kd2 g6 26.
Ke3 Nc8 27. Kf4 Kd7 28. h4 Re8 29. Re3 Rxe3 30. fxe3 Nd6 31. Bd3 Ke6 32. g4 Kf7
33. b3 h6 34. c4 g5+ 35. hxg5 hxg5+ 36. Kf3 b6 37. c5 bxc5 38. dxc5 Nb7 39. b4
a5 40. Ba6 Nd8 41. bxa5 Ne6 42. Bb7 Nxc5 43. a6 1-0

[Event "Hastings Masters"]
[Site "Hastings"]
[Date "2008.01.02"]
[Round "6.23"]
[White "Lyell, Mark"]
[Black "Rudd, Jack"]
[Result "0-1"]
[WhiteElo "2197"]
[BlackElo "2332"]
[PlyCount "56"]
[EventDate "2007.12.28"]
[SourceDate "2007.12.28"]

1. e4 e5 2. f4 exf4 3. Nf3 g5 4. h4 g4 5. Ne5 Nf6 6. d4 d6 7. Nd3 Nxe4 8. Bxf4
Qe7 9. Be2 Bg7 10. Nc3 Bf5 11. Nd5 Qd7 12. Ne3 h5 13. c3 Bg6 14. Qb3 c6 15.
O-O-O O-O 16. Rhf1 Na6 17. Nf2 Nxf2 18. Rxf2 d5 19. Bd3 Rae8 20. Qc2 Be4 21.
Be5 f6 22. Bxe4 fxe5 23. Bh7+ Kh8 24. Rxf8+ Rxf8 25. Bf5 Qe7 26. Qd3 exd4 27.
cxd4 Bh6 28. Re1 Nb4 0-1

[Event "Hastings Masters"]
[Site "Hastings"]
[Date "2008.01.02"]
[Round "6.24"]
[White "Zozulia, Anna"]
[Black "Pickersgill, Adrian"]
[Result "1-0"]
[WhiteElo "2343"]
[BlackElo "2088"]
[PlyCount "61"]
[EventDate "2007.12.28"]
[SourceDate "2007.12.28"]

1. e4 d5 2. exd5 Qxd5 3. Nc3 Qa5 4. d4 Nf6 5. Bc4 c6 6. Nf3 Bf5 7. Bd2 e6 8.
Qe2 Bb4 9. O-O-O Nbd7 10. a3 Bxc3 11. Bxc3 Qc7 12. Kb1 O-O-O 13. h3 Rhe8 14.
Bb3 h6 15. Ka1 Nd5 16. Bd2 c5 17. Rhe1 N7b6 18. c4 Nf6 19. dxc5 Qxc5 20. Bb4
Qc7 21. Nd4 a6 22. Nxf5 exf5 23. Qf3 Rxd1+ 24. Rxd1 g6 25. g4 Re4 26. gxf5 Rf4
27. Qe3 Nxc4 28. Bxc4 Rxc4 29. fxg6 fxg6 30. Qe6+ Nd7 31. Qg8+ 1-0

[Event "Hastings Masters"]
[Site "Hastings"]
[Date "2008.01.02"]
[Round "6.25"]
[White "Formanek, Edward W"]
[Black "Atako, Chino"]
[Result "1-0"]
[WhiteElo "2276"]
[BlackElo "2149"]
[PlyCount "55"]
[EventDate "2007.12.28"]
[SourceDate "2007.12.28"]

1. e4 c5 2. Nf3 g6 3. d4 cxd4 4. Nxd4 Nc6 5. c4 Bg7 6. Be3 Nf6 7. Nc3 O-O 8.
Be2 b6 9. O-O Bb7 10. f3 Rc8 11. Rc1 Qc7 12. Nd5 Qd8 13. Qd2 d6 14. Rfd1 Nxd5
15. exd5 Nxd4 16. Bxd4 Bxd4+ 17. Qxd4 Qd7 18. Rc3 Rc7 19. Re3 Rd8 20. f4 Qe8
21. f5 Qf8 22. Rf1 Bc8 23. Bd3 Qg7 24. f6 exf6 25. Rxf6 b5 26. cxb5 Bb7 27. Rf4
Rc1+ 28. Kf2 1-0

[Event "Hastings Masters"]
[Site "Hastings"]
[Date "2008.01.02"]
[Round "6.26"]
[White "Snape, Ian"]
[Black "Zhou, Yang-Fan"]
[Result "1/2-1/2"]
[WhiteElo "2230"]
[BlackElo "2068"]
[PlyCount "56"]
[EventDate "2007.12.28"]
[SourceDate "2007.12.28"]

1. c4 Nf6 2. Nc3 g6 3. Nf3 Bg7 4. g3 O-O 5. Bg2 d6 6. O-O e5 7. d3 Nc6 8. Rb1
a5 9. a3 h6 10. b4 axb4 11. axb4 Be6 12. b5 Ne7 13. Qb3 Nd7 14. Ba3 Nf5 15. e4
Nd4 16. Nxd4 exd4 17. Nd5 Bxd5 18. exd5 Qf6 19. Bb4 b6 20. h3 Rfe8 21. Rbe1 h5
22. Re4 Nc5 23. Bxc5 dxc5 24. h4 Bf8 25. Qb2 Bd6 26. Rfe1 Red8 27. Kh2 {(=)}
Kg7 28. f4 Ra5 1/2-1/2

[Event "Hastings Masters"]
[Site "Hastings"]
[Date "2008.01.02"]
[Round "6.27"]
[White "Sugden, John N"]
[Black "Jackson, Oliver"]
[Result "1-0"]
[WhiteElo "2116"]
[BlackElo "2219"]
[PlyCount "85"]
[EventDate "2007.12.28"]
[SourceDate "2007.12.28"]

1. e4 c5 2. Nc3 e6 3. f4 a6 4. Nf3 b5 5. Qe2 Bb7 6. g3 Nc6 7. Bg2 Nd4 8. Nxd4
cxd4 9. Nd1 Rc8 10. c3 Bc5 11. d3 Nf6 12. Bd2 O-O 13. Nf2 dxc3 14. bxc3 b4 15.
cxb4 Bd4 16. Rc1 Rxc1+ 17. Bxc1 Qb6 18. O-O Rc8 19. Bb2 Qxb4 20. Bxd4 Qxd4 21.
Rb1 Bc6 22. Qb2 Qxb2 23. Rxb2 Bb5 24. Kf1 d5 25. exd5 Nxd5 26. Bxd5 exd5 27.
Ke2 Kf8 28. Ke3 Ke7 29. Kd4 Ke6 30. Nd1 h5 31. Nc3 h4 32. g4 h3 33. Re2+ Kd6
34. Re5 Rh8 35. Rxd5+ Kc6 36. a4 Rh4 37. axb5+ axb5 38. Rc5+ Kd7 39. Rg5 b4 40.
Ne4 f5 41. gxf5 Rxf4 42. Rxg7+ Kc6 43. f6 1-0

[Event "Hastings Masters"]
[Site "Hastings"]
[Date "2008.01.02"]
[Round "6.28"]
[White "Lock, Gavin R"]
[Black "Wilson, Alexandra"]
[Result "1-0"]
[WhiteElo "2215"]
[BlackElo "2061"]
[PlyCount "51"]
[EventDate "2007.12.28"]
[SourceDate "2007.12.28"]

1. Nf3 Nf6 2. c4 g6 3. Nc3 d5 4. cxd5 Nxd5 5. Qa4+ Nc6 6. Ne5 Nxc3 7. dxc3 Bd7
8. Nxd7 Qxd7 9. e4 Ne5 10. Qxd7+ Nxd7 11. Bc4 Bg7 12. Be3 Ne5 13. Bb5+ c6 14.
Be2 O-O 15. O-O Rfd8 16. Rfd1 b6 17. a4 c5 18. f4 Nc6 19. Ba6 Rab8 20. Bb5 Na5
21. b4 Nb7 22. a5 bxa5 23. bxc5 Rdc8 24. c6 Nd8 25. Rxd8+ Rxd8 26. c7 1-0

[Event "Hastings Masters"]
[Site "Hastings"]
[Date "2008.01.02"]
[Round "6.29"]
[White "Huizer, Mark"]
[Black "Norinkeviciute, Rasa"]
[Result "1-0"]
[WhiteElo "2201"]
[BlackElo "2064"]
[PlyCount "63"]
[EventDate "2007.12.28"]
[SourceDate "2007.12.28"]

1. Nf3 g6 2. d4 d6 3. Bg5 Bg7 4. c3 Nd7 5. Nbd2 h6 6. Bh4 g5 7. Bg3 f5 8. e3 e5
9. h4 g4 10. Ng1 h5 11. Qc2 Qf6 12. Bd3 Ne7 13. Ne2 Nf8 14. f3 Nfg6 15. O-O-O
Bh6 16. fxg4 hxg4 17. h5 Nf8 18. dxe5 dxe5 19. Nc4 f4 20. Rhf1 Ne6 21. Qa4+ Kf7
22. Nd2 Kg7 23. exf4 Nc5 24. Qc4 Nxd3+ 25. Qxd3 Bf5 26. Qb5 e4 27. Nc4 Rhd8 28.
Ne3 a6 29. Qxb7 Qf7 30. Qxc7 Rdc8 31. Qxe7 Qxe7 32. Nxf5+ 1-0

[Event "Hastings Masters"]
[Site "Hastings"]
[Date "2008.01.02"]
[Round "6.30"]
[White "Hagesaether, Arne"]
[Black "Cafferty, Bernard"]
[Result "1/2-1/2"]
[WhiteElo "2153"]
[BlackElo "2192"]
[PlyCount "34"]
[EventDate "2007.12.28"]
[SourceDate "2007.12.28"]

1. e4 Nf6 2. e5 Nd5 3. c4 Nb6 4. d4 d6 5. exd6 exd6 6. Nf3 Be7 7. Bd3 O-O 8. h3
Nc6 9. a3 Bf6 10. Be3 d5 11. c5 Nc4 12. Bxc4 dxc4 13. O-O Bf5 14. Nbd2 Bd3 15.
Re1 Nxd4 16. Nxd4 Bxd4 17. Nxc4 Bf6 1/2-1/2

[Event "Hastings Masters"]
[Site "Hastings"]
[Date "2008.01.02"]
[Round "6.31"]
[White "Kakkanas, Evangelos"]
[Black "Poobalasingam, Peter"]
[Result "0-1"]
[WhiteElo "2064"]
[BlackElo "2158"]
[PlyCount "66"]
[EventDate "2007.12.28"]
[SourceDate "2007.12.28"]

1. d4 Nf6 2. Nf3 g6 3. c4 Bg7 4. Nc3 d5 5. g3 O-O 6. Bg2 dxc4 7. O-O Nbd7 8. e4
c6 9. a4 a5 10. Qe2 b6 11. e5 Nd5 12. e6 Nb8 13. exf7+ Rxf7 14. Ne5 Rf6 15.
Nxc6 Nxc6 16. Bxd5+ Kh8 17. Qxc4 Ba6 18. Nb5 Rc8 19. Be6 Nxd4 20. Bxc8 Nf3+ 21.
Kg2 Bxc8 22. Bf4 Bb7 23. Kh3 Qd7+ 24. g4 h5 25. Rg1 g5 26. Bc7 Rh6 27. Kg3 hxg4
28. Qxg4 Qxc7+ 29. Nxc7 Be5+ 30. Kg2 Nxh2+ 31. f3 Nxg4 32. Nb5 Rh2+ 33. Kf1
Ne3+ 0-1

[Event "Hastings Masters"]
[Site "Hastings"]
[Date "2008.01.02"]
[Round "6.32"]
[White "Thompson, Ian D"]
[Black "Garnett, John S"]
[Result "1-0"]
[WhiteElo "2309"]
[BlackElo "2032"]
[PlyCount "63"]
[EventDate "2007.12.28"]
[SourceDate "2007.12.28"]

1. c4 Nf6 2. g3 e5 3. Bg2 d5 4. cxd5 Nxd5 5. Nf3 Nc6 6. O-O Nb6 7. d3 Be7 8.
Nbd2 O-O 9. a3 a5 10. b3 Be6 11. Bb2 f6 12. Qc2 Qd7 13. Rfd1 Rfd8 14. Nc4 Nxc4
15. bxc4 Qe8 16. e3 Qf7 17. Rac1 e4 18. Nd4 exd3 19. Qc3 Nxd4 20. exd4 c6 21.
Rxd3 Rac8 22. Re3 Re8 23. Bf1 b6 24. Rce1 Bd6 25. c5 bxc5 26. Rxe6 Rxe6 27.
Rxe6 cxd4 28. Qc2 Qd7 29. Qc4 Kh8 30. Bxd4 Bxa3 31. Rxf6 Rd8 32. Rxc6 1-0

[Event "Hastings Masters"]
[Site "Hastings"]
[Date "2008.01.02"]
[Round "6.33"]
[White "Raddatz, Michael"]
[Black "Furman, Boris"]
[Result "0-1"]
[WhiteElo "2037"]
[BlackElo "2264"]
[PlyCount "68"]
[EventDate "2007.12.28"]
[SourceDate "2007.12.28"]

1. e4 c5 2. Nf3 Nc6 3. d4 cxd4 4. Nxd4 Nf6 5. Nc3 d6 6. Be3 e5 7. Nxc6 bxc6 8.
Be2 Be7 9. O-O O-O 10. f4 exf4 11. Rxf4 Nd7 12. Rf2 Ne5 13. b3 Bf6 14. Rb1 Ng6
15. Qd2 Be6 16. Rd1 Qe7 17. Na4 Be5 18. c4 c5 19. Nc3 Rae8 20. Nd5 Bxd5 21. Bg5
Bxh2+ 22. Kxh2 Qe5+ 23. Bf4 Nxf4 24. Qxf4 Qxf4+ 25. Rxf4 Bxe4 26. Rxd6 Bxg2 27.
Bd3 Ba8 28. Rd7 Re3 29. Kg1 Rg3+ 30. Kf1 a5 31. Be2 a4 32. bxa4 Ra3 33. Bd1
Rxa2 34. Rf5 Bg2+ 0-1